• 首页
  • 本馆介绍
  • 公告通知
  • 最新文献
  • 馆藏检索
  • 电子资源
  • 读者导购
  • 参考咨询
  • 我的图书馆
  • 登录
  • 详细信息显示
  • 放入我的书架
  • 预约/预借图书
  • 作者相关作品
  • 分类相关作品
  • 丛书相关作品
  • 出版社相关作品

书目信息

  • 表格格式
  • 工作单格式
  • 卡片格式
题名:
细说三国
    
 
作者: 黎东方 著
分册:  
出版信息: 北京   商务印书馆  2015
页数: 380页
开本: 24cm
丛书名:
单 册:
中图分类: K236.09
科图分类:
主题词: 中国历史--三国时代--通俗读物
电子资源:
ISBN: 978-7-100-11213-0
000 00875nam0 2200229 450
001 012001005166
005 20141007175740.0
010    @a978-7-100-11213-0@b精装@dCNY66.00
100    @a20151126d2015 em y0chiy50 ea
101 0  @achi
102    @aCN@b110000
105    @ay z 000yy
106    @ar
200 1  @a细说三国@9xi shuo san guo@f黎东方著
210    @a北京@c商务印书馆@d2015
215    @a380页@d24cm
330    @a《细说三国》是在黎东方先生抗战期间所讲三国故事基础上撰写而成。全书从简述东汉末年形势说起,一直到魏、蜀、吴的灭亡,其间,以人名为题,由人物带出事件,为读者描绘了一幅生动的三国历史画卷。黎东方先生对三国史深有研究,在叙述过程中指出了正史之误以及《三国演义》的以假乱真。
606 0  @a中国历史@z三国时代@j通俗读物
690    @aK236.09@v5
701  0 @a黎东方@9Li Dong Fang@4著
801  0 @aCN@b上海新华@c20180901
905    @b1172953-7@dK236.09@e110@f5
    
    细说三国/黎东方著.-北京:商务印书馆,2015
    380页;24cm
    
    
    ISBN 978-7-100-11213-0(精装):CNY66.00
    《细说三国》是在黎东方先生抗战期间所讲三国故事基础上撰写而成。全书从简述东汉末年形势说起,一直到魏、蜀、吴的灭亡,其间,以人名为题,由人物带出事件,为读者描绘了一幅生动的三国历史画卷。黎东方先生对三国史深有研究,在叙述过程中指出了正史之误以及《三国演义》的以假乱真。
●
相关链接 在E读中查询图书 在五车中查询图书 在当当中查询图书 在豆瓣中查询图书


正题名:细说三国     索取号:K236.09/110         预约/预借

序号 登录号 条形码 馆藏地/架位号 状态 备注
1 1172953   211729539   第二样本阅览室/ [索取号:K236.09/110] 在馆    
2 1172954   211729548   第二借阅区/ [索取号:K236.09/110] 在馆    
3 1172955   211729557   第二借阅区/ [索取号:K236.09/110] 在馆    
4 1172956   211729566   第二借阅区/ [索取号:K236.09/110] 在馆    
5 1172957   211729575   密集书库-史法系/ [索取号:K236.09/110] 在馆    
唐山师范学院图书馆 欢迎您!
大连网信软件有限公司© 版权所有